[Event "Liwali Bhaktapur Cup"]
[Site "Liwali"]
[Date "2021.03.13"]
[Round "1.2"]
[White "Shrestha, Rabi"]
[Black "Panta, Sumit"]
[Result "0-1"]
[WhiteElo "1651"]
[BlackElo "2025"]
[PlyCount "58"]
[EventDate "2021.03.13"]
[EventType "team-swiss"]
[EventRounds "7"]
[EventCountry "NEP"]
[SourceTitle "EXT 2022"]
[Source "ChessBase"]
[SourceDate "2021.10.06"]
[SourceVersion "1"]
[SourceVersionDate "2021.10.06"]
[SourceQuality "1"]
[WhiteTeam "Suryabinayak Municipality"]
[BlackTeam "Bhimeshwor Municipality"]
[WhiteTeamCountry "NEP"]
[BlackTeamCountry "NEP"]

1. e4 e5 2. Bc4 Nf6 3. d3 Bc5 4. Nf3 d6 5. h3 Be6 6. Bb3 Nc6 7. c3 Bb6 8. Bg5 h6 9. Be3 d5 10. Bxb6 axb6 11. Qc2 dxe4 12. Bxe6 exd3 13. Bxf7+ Kxf7 14. Qb3+ Kg6 15. 0-0 Qd7 16. Nbd2 Rae8 17. Rae1 Rhf8 18. Qd1 Nd5 19. Kh2 Nf4 20. Ne4 Kh7 21. Re3 Ne7 22. Ng3 Neg6 23. Rfe1 Nxg2 24. Rxd3 Qc8 25. Rd7 N2f4 26. Re4 Rf7 27. Nxe5 Nxe5 28. Rxf4 Rxf4 29. Qc2+ Kh8 0-1

[Event "Budha Bhandari Memorial"]
[Site "Budhanilkantha"]
[Date "2019.11.14"]
[Round "9"]
[White "Timalsina, Khom Prasad"]
[Black "Shrestha, Rabi"]
[Result "1-0"]
[WhiteElo "1464"]
[BlackElo "1641"]
[PlyCount "70"]
[EventDate "2019.11.09"]
[EventType "swiss"]
[EventRounds "9"]
[EventCountry "NEP"]
[SourceTitle "CBM 193 Extra"]
[Source "ChessBase"]
[SourceDate "2020.01.31"]
[SourceVersion "1"]
[SourceVersionDate "2020.01.31"]
[SourceQuality "1"]

1. e4 c5 2. Nf3 Nc6 3. Bb5 e6 4. Bxc6 bxc6 5. 0-0 d5 6. e5 Be7 7. d4 cxd4 8. Nxd4 Bd7 9. Kh1 g6 10. f4 h5 11. Nc3 Nh6 12. Be3 Ng4 13. Bg1 Nh6 14. Qf3 c5 15. Nde2 Nf5 16. Rad1 Qc7 17. Ng3 h4 18. Nxf5 gxf5 19. h3 Bc6 20. Qd3 Rg8 21. Bf2 d4 22. Rg1 dxc3 23. Qxc3 Bb7 24. Kh2 a6 25. g4 Qc6 26. g5 Rd8 27. Rxd8+ Kxd8 28. Bxh4 Rh8 29. Bg3 Qf3 30. Qd2+ Kc8 31. h4 Qg4 32. Qf2 Rd8 33. c4 Rd1 34. b3 Rxg1 35. Qxg1 Kc7 1-0

[Event "Budha Bhandari Memorial"]
[Site "Budhanilkantha"]
[Date "2019.11.12"]
[Round "5"]
[White "Phuyal, Aashish"]
[Black "Shrestha, Rabi"]
[Result "1-0"]
[WhiteElo "1914"]
[BlackElo "1641"]
[PlyCount "69"]
[EventDate "2019.11.09"]
[EventType "swiss"]
[EventRounds "9"]
[EventCountry "NEP"]
[SourceTitle "CBM 193 Extra"]
[Source "ChessBase"]
[SourceDate "2020.01.31"]
[SourceVersion "1"]
[SourceVersionDate "2020.01.31"]
[SourceQuality "1"]

1. e4 c5 2. Nf3 Nc6 3. Bb5 e6 4. Bxc6 bxc6 5. 0-0 d5 6. d3 Be7 7. e5 Rb8 8. b3 g6 9. Re1 h5 10. Nc3 Nh6 11. Na4 Nf5 12. c4 g5 13. Ba3 g4 14. Nd2 Qa5 15. Nf1 Bd7 16. Qd2 Qxd2 17. Nxd2 Bg5 18. Rad1 h4 19. Bxc5 Rb7 20. Nf1 Bf4 21. g3 Bg5 22. Ne3 Nxe3 23. Bxe3 Be7 24. Bc5 Bg5 25. Bd6 a6 26. Nc5 Ra7 27. Rf1 Bc8 28. f4 Bd8 29. Na4 f5 30. exf6 hxg3 31. hxg3 Rah7 32. Be5 Kf7 33. Rd2 Rh1+ 34. Kf2 R8h2+ 35. Ke3 1-0

[Event "Budha Bhandari Memorial"]
[Site "Budhanilkantha"]
[Date "2019.11.12"]
[Round "6"]
[White "Shrestha, Rabi"]
[Black "Khadka, Govinda"]
[Result "0-1"]
[WhiteElo "1641"]
[BlackElo "1548"]
[PlyCount "40"]
[EventDate "2019.11.09"]
[EventType "swiss"]
[EventRounds "9"]
[EventCountry "NEP"]
[SourceTitle "CBM 193 Extra"]
[Source "ChessBase"]
[SourceDate "2020.01.31"]
[SourceVersion "1"]
[SourceVersionDate "2020.01.31"]
[SourceQuality "1"]

1. e4 c5 2. Nf3 d6 3. c3 Nf6 4. Be2 Nc6 5. Qc2 Qc7 6. a3 g6 7. d4 cxd4 8. cxd4 Qa5+ 9. Bd2 Qb6 10. Bc3 Bg4 11. Nbd2 Bxf3 12. Nxf3 Bg7 13. 0-0 0-0 14. d5 Na5 15. b4 Rac8 16. bxa5 Qc5 17. Rfe1 Ng4 18. Bf1 Qxc3 19. Qxc3 Bxc3 20. Rab1 Bxa5 0-1